000 02028nam0a2200409 4500
001 RU\NLR\BIBL_A\022300324
005 20241114103219.0
010 _a978-5-00222-506-4
_9200
021 _aRU
_bКН-П-24-038878
_9КН-П-24-3874
035 _a(NLR Aleph) 022300324
090 _a13242900
_c13242900
100 _a20240815d2024 u y0rusy50 ca
101 0 _arus
102 _aRU
105 _ay|||z|||000yy
181 0 _ai4
_baxxe
182 0 _an
200 1 _aВласть в тротиловом эквиваленте
_eполная версия
_fМихаил Полторанин
203 _aТекст
_bвизуальный
_cнепосредственный
210 _aМосква
_cРодина
_d2024
215 _a494, [1] с.
_d21
225 1 _aДокументальный триллер
600 1 _aЕльцин
_bБ.Н.
_f1931 - 2007
_gБорис Николаевич
_xКритика
_92177691
_3RU\NLR\AUTH\661309707
607 _aСССР
_jВоспоминания, записки и т.п
_xПолитика и управление
_z1985 - 1991
_92265673
_3RU\NLR\AUTH\661358219
607 _aРоссийская Федерация
_jВоспоминания, записки и т.п
_xПолитика и управление
_z1992 - 1999
_92377714
_3RU\NLR\AUTH\661418808
607 _aРоссийская Федерация
_xПолитика и управление
_xКритика
_92160931
_3RU\NLR\AUTH\661605139
686 1 _aТ3(2)74-3,013
686 1 _aТ3(2)74-8
686 1 _aФ3(2)8
700 1 _aПолторанин
_bМ. Н.
_f1939-
_gМихаил Никифорович
856 4 _lVNP_UJZ
_tVIEW
_uhttps://webservices.nlr.ru/viewer/file?name=a022300324_002.txt
_yАннотация
856 4 1 _lVNP_UJZ
_tVIEW
_uhttps://webservices.nlr.ru/viewer/file?name=t022300324_001.jpg
_yОбложка
942 _cBOOK
980 4 _aVNP_UJZ
980 _aNB